=LDR 00000nam 2200000 4500 =001 INLIS000000000021018 =005 20130612115923 =008 ***********************************Ind** =035 ##$$0010-061300000021018 =041 ##$$a Ind =082 ##$$a R.4x1.203 =090 ##$$a R.4x1.203, Kam k =245 ##$$a Kamus simalungun-Indonesia, Zubeirsyah M. Hasyim...[et.al] =260 ##$$a 1985 $b Jakarta =300 ##$$a x, 264 hlm, 21 cm =650 ##$$a Simalungun-Indonesia-Kamus =850 ##$$a NBPNMAT